[Event "EIC 67 sf2 email"]
[Site "email"]
[Date "2005.09.01"]
[Round "?"]
[White "Schmidt, Gerhard W"]
[Black "Tulfer, Paul M"]
[Result "1/2-1/2"]
[WhiteElo "2473"]
[BlackElo "2405"]
[PlyCount "69"]
[EventDate "2005.08.28"]
[EventType "tourn (corr)"]
[EventRounds "9"]
[SourceTitle "Corr 2024"]
[Source "ChessBase"]
[SourceDate "2023.10.19"]
[SourceVersion "1"]
[SourceVersionDate "2023.10.19"]
[SourceQuality "1"]

1. d4 Nf6 2. c4 e6 3. Nc3 Bb4 4. e3 0-0 5. Bd3 d5 6. Nf3 c5 7. 0-0 cxd4 8. exd4 dxc4 9. Bxc4 b6 10. Bg5 Bb7 11. Ne5 Bxc3 12. bxc3 Nbd7 13. Qe2 Qc7 14. Nxd7 Nxd7 15. Rac1 Qc6 16. f3 Rac8 17. Bd3 Qd6 18. Qc2 h6 19. Bh4 Nf6 20. Bg3 Qa3 21. Qb3 Qxb3 22. axb3 Nh5 23. Rfd1 Nxg3 24. hxg3 Rfd8 25. Kf2 a5 26. Ke3 Rc7 27. g4 Kf8 28. c4 Ba6 29. Be4 Bb7 30. Rh1 Bxe4 31. Kxe4 Ke7 32. Rh5 Rcd7 33. Rd1 Rc7 34. Rb5 Rd6 35. Ra1 1/2-1/2